[Event "Oberfranken-ch U16"]
[Site "Schney"]
[Date "2015.01.06"]
[Round "7"]
[White "Doetzer, Jonas"]
[Black "Dueck, Jonas"]
[Result "1/2-1/2"]
[WhiteElo "981"]
[BlackElo "1078"]
[PlyCount "64"]
[EventDate "2015.01.03"]
[EventType "swiss"]
[EventRounds "7"]
[EventCountry "GER"]
[SourceTitle "CBM 164 Extra"]
[Source "ChessBase"]
[SourceDate "2015.03.02"]
[SourceVersion "1"]
[SourceVersionDate "2015.03.02"]
[SourceQuality "1"]

1. e4 e5 2. Nf3 Nc6 3. Bc4 Bc5 4. Nc3 d6 5. d3 h6 6. 0-0 Bg4 7. h3 Bxf3 8. Qxf3 Qf6 9. Qg3 0-0-0 10. Nd5 Qg6 11. Kh1 Nf6 12. Nxf6 Qxf6 13. Be3 Bb4 14. c3 Bc5 15. Rad1 Kb8 16. Bd5 Ne7 17. d4 Bb6 18. dxe5 dxe5 19. Bb3 Nc6 20. f4 Bxe3 21. Qxe3 Rxd1 22. Bxd1 Rd8 23. Be2 Qd6 24. fxe5 Nxe5 25. Qg3 g6 26. Rd1 Qe7 27. Rxd8+ Qxd8 28. Qxe5 a6 29. Qf4 g5 30. Qxf7 Qd2 31. Bf3 Qxb2 32. Qc4 Qc1+ 1/2-1/2

[Event "Oberfranken-ch U16"]
[Site "Schney"]
[Date "2015.01.04"]
[Round "4"]
[White "Koedel, Christian"]
[Black "Dueck, Jonas"]
[Result "1/2-1/2"]
[WhiteElo "1213"]
[BlackElo "1078"]
[PlyCount "67"]
[EventDate "2015.01.03"]
[EventType "swiss"]
[EventRounds "7"]
[EventCountry "GER"]
[SourceTitle "CBM 164 Extra"]
[Source "ChessBase"]
[SourceDate "2015.03.02"]
[SourceVersion "1"]
[SourceVersionDate "2015.03.02"]
[SourceQuality "1"]

1. e4 e5 2. Nf3 Nc6 3. Bc4 Bc5 4. 0-0 h6 5. Nc3 Nf6 6. d3 0-0 7. a3 d6 8. h3 a5 9. Qe2 Nh5 10. Nd5 Ng3 11. Qe1 Nxf1 12. Qxf1 Nd4 13. Qd1 c6 14. Nc3 Qf6 15. Be3 Nxf3+ 16. Qxf3 Qxf3 17. gxf3 Bxe3 18. fxe3 Bxh3 19. Kf2 b5 20. Ba2 b4 21. Ne2 Kh8 22. a4 f5 23. Kg3 fxe4 24. Kxh3 exf3 25. Ng3 Rf6 26. e4 Raf8 27. Rf1 Rf4 28. Nh5 g5 29. Nxf4 Rxf4 30. Kg3 Kg7 31. Be6 h5 32. Rxf3 h4+ 33. Kg2 Kh6 34. Rxf4 1/2-1/2

[Event "Oberfranken-ch U16"]
[Site "Schney"]
[Date "2015.01.03"]
[Round "1"]
[White "Dueck, Jonas"]
[Black "Zerr, Benjamin"]
[Result "0-1"]
[WhiteElo "1078"]
[BlackElo "1563"]
[PlyCount "116"]
[EventDate "2015.01.03"]
[EventType "swiss"]
[EventRounds "7"]
[EventCountry "GER"]
[SourceTitle "CBM 164 Extra"]
[Source "ChessBase"]
[SourceDate "2015.03.02"]
[SourceVersion "1"]
[SourceVersionDate "2015.03.02"]
[SourceQuality "1"]

1. e4 d5 2. exd5 Qxd5 3. Nc3 Qa5 4. Nf3 Nf6 5. h3 c6 6. d3 Bf5 7. Bd2 Nbd7 8. Be2 e5 9. a3 Qc7 10. 0-0 Bd6 11. Re1 0-0 12. Ng5 Nc5 13. Bf3 h6 14. Nge4 Nfxe4 15. Nxe4 Rfe8 16. b4 Ne6 17. c4 Rad8 18. c5 Bf8 19. Bc3 Nd4 20. Bg4 Bxg4 21. Qxg4 Nc2 22. Nf6+ Kh8 23. Nxe8 Rxe8 24. Qh5 Nxa1 25. Bxa1 g6 26. Qf3 Bg7 27. Qg3 Qb8 28. Qg4 Qd8 29. Qf3 Kg8 30. Re4 Qg5 31. Qe2 Qc1+ 32. Qe1 Qxa3 33. f4 Qxd3 34. fxe5 Rd8 35. Kh2 b6 36. e6 f5 37. Re3 Qc4 38. Bxg7 Kxg7 39. Qa1+ Kg8 40. Qe5 Rf8 41. e7 Re8 42. Qd6 Qf7 43. Qd8 bxc5 44. bxc5 a5 45. Qxa5 Rxe7 46. Rxe7 Qxe7 47. Qa8+ Kg7 48. Qxc6 Qe5+ 49. g3 Qe2+ 50. Qg2 Qxg2+ 51. Kxg2 Kf7 52. c6 Ke7 53. Kf3 g5 54. h4 Kd6 55. hxg5 hxg5 56. Ke3 Kxc6 57. Kf3 Kd5 58. g4 f4 0-1

[Event "Oberfranken-ch U14 1213"]
[Site "Schney"]
[Date "2013.01.03"]
[Round "3"]
[White "Dueck, Jonas"]
[Black "Koedel, Christian"]
[Result "0-1"]
[WhiteElo "874"]
[BlackElo "1000"]
[PlyCount "94"]
[EventDate "2013.01.03"]
[EventType "swiss"]
[EventRounds "7"]
[EventCountry "GER"]
[SourceTitle "EXT 2015"]
[Source "ChessBase"]
[SourceDate "2014.11.20"]
[SourceVersion "1"]
[SourceVersionDate "2014.11.20"]
[SourceQuality "1"]

1. e4 e5 2. Bc4 Nf6 3. Nf3 d6 4. 0-0 Be7 5. Nc3 Nc6 6. d3 0-0 7. a3 Bd7 8. b4 a6 9. Bg5 b5 10. Bxf6 Bxf6 11. Bd5 Rb8 12. a4 Nxb4 13. axb5 Bxb5 14. Nxb5 axb5 15. c3 Nxd5 16. exd5 Qd7 17. Rb1 Rfe8 18. c4 e4 19. dxe4 Rxe4 20. cxb5 Rxb5 21. Rxb5 Qxb5 22. h3 Re8 23. Re1 Rf8 24. Nd4 Qxd5 25. Qe2 Bxd4 26. Qe8 Qc5 27. Kh1 Bxf2 28. Re2 Bg3 29. Qe3 Be5 30. Qxc5 dxc5 31. Rxe5 c4 32. Rc5 Rc8 33. Rxc4 c5 34. Kh2 f6 35. g4 Kf7 36. Kg3 Ke6 37. Kf3 Kd5 38. Rc2 Kd4 39. Rc1 Kd3 40. Rd1+ Kc2 41. Ke2 c4 42. h4 c3 43. h5 Kb2 44. Kd3 c2 45. Rd2 Kb1 46. Ke2 c1Q 47. Rd1 Re8+ 0-1